| 000 | 00447ntaaa2200181 4500 | ||
|---|---|---|---|
| 003 | 01 | ||
| 005 | 20251027202049.0 | ||
| 008 | 0714s1973 ag 01 | ||
| 040 |
_aAR-BaBN _bspa _cAR-BaBN _eaacr _dRIC |
||
| 082 | _a252.0000 B96 | ||
| 100 |
_aBushnell, Horace _915818 |
||
| 245 | _aSermons for the new life | ||
| 250 | _a1 ed. | ||
| 260 |
_aNew York : _bCharles Scribner's Sons, _cc1910 |
||
| 300 | _a456 p | ||
| 650 |
_asermones _9362 |
||
| 942 | _cBK | ||
| 999 |
_c15471 _d15471 |
||